[Event "Prague Summer op-A 10th"]
[Site "Prague"]
[Date "2023.08.10"]
[Round "8"]
[White "Camarena Gimenez, Rufino"]
[Black "Zakarian, Dimitrios Levon"]
[Result "1-0"]
[WhiteElo "2308"]
[BlackElo "2022"]
[PlyCount "121"]
[EventDate "2023.08.04"]
[EventType "swiss"]
[EventRounds "9"]
[EventCountry "CZE"]
[SourceTitle "CBM 215 Extra"]
[Source "ChessBase"]
[SourceDate "2023.09.30"]
[SourceVersion "1"]
[SourceVersionDate "2023.09.30"]
[SourceQuality "1"]

1. d4 Nf6 2. c4 e6 3. Nf3 b6 4. a3 Ne4 5. g3 Bb7 6. Bg2 g6 7. 0-0 Bg7 8. Qd3 0-0 9. Nfd2 Nd6 10. e4 e5 11. dxe5 Bxe5 12. f4 Bg7 13. Nc3 a5 14. Rb1 Na6 15. b4 axb4 16. axb4 Re8 17. Nd5 c6 18. Ne3 Qc7 19. e5 Nc8 20. Ne4 c5 21. Nd5 Bxd5 22. Qxd5 Ra7 23. bxc5 Nxc5 24. Nxc5 Qxc5+ 25. Qxc5 bxc5 26. Be3 Rc7 27. Rfd1 Bf8 28. Rb7 Rxb7 29. Bxb7 Nd6 30. Bd5 Nf5 31. Bf2 d6 32. exd6 Bxd6 33. g4 Nd4 34. Bxd4 cxd4 35. Kg2 Bxf4 36. Rxd4 g5 37. Bf3 Re5 38. h4 h6 39. hxg5 hxg5 40. Be4 Kf8 41. Kf3 Ke7 42. Rd1 Ra5 43. Bf5 Rc5 44. Bd3 f6 45. Ke4 Be5 46. Rb1 Ra5 47. Rb6 Ba1 48. Bc2 Re5+ 49. Kd3 f5 50. Rb1 Ra5 51. gxf5 Kf6 52. Ke4 Re5+ 53. Kf3 Bd4 54. Be4 g4+ 55. Kf4 g3 56. Rd1 Bc5 57. Rd2 Re7 58. Ra2 Bf2 59. Ra6+ Kf7 60. Bd5+ Kf8 61. f6 1-0

[Event "BCF-chT2 2223 (4NCL)"]
[Site "England"]
[Date "2023.04.30"]
[Round "10.46"]
[White "Zakarian, Dimitrios Levon"]
[Black "Compton, Alistair"]
[Result "1/2-1/2"]
[WhiteElo "2097"]
[BlackElo "2118"]
[PlyCount "42"]
[EventDate "2022.10.22"]
[EventType "team-tourn"]
[EventRounds "11"]
[EventCountry "ENG"]
[SourceTitle "EXT 2024"]
[Source "ChessBase"]
[SourceDate "2023.10.10"]
[SourceVersion "1"]
[SourceVersionDate "2023.10.10"]
[SourceQuality "1"]
[WhiteTeam "Oxford"]
[BlackTeam "The Rookies"]
[WhiteTeamCountry "ENG"]
[BlackTeamCountry "ENG"]

1. d4 Nf6 2. c4 c5 3. d5 e6 4. Nc3 exd5 5. cxd5 d6 6. Nf3 g6 7. Bf4 Nh5 8. Bg3 Nxg3 9. hxg3 Bg7 10. e3 0-0 11. Qa4 Nd7 12. Be2 Re8 13. Qf4 Bxc3+ 14. bxc3 Qf6 15. Qxf6 Nxf6 16. c4 Bf5 17. Nh4 Bd7 18. a4 b6 19. 0-0 Ne4 20. Ra3 Kg7 21. Nf3 Bf5 1/2-1/2

[Event "Daventry 4NCL Easter op-A 3rd"]
[Site "Daventry"]
[Date "2023.04.08"]
[Round "3"]
[White "Moss, Jack"]
[Black "Zakarian, Dimitrios Levon"]
[Result "0-1"]
[WhiteElo "1814"]
[BlackElo "1977"]
[PlyCount "52"]
[EventDate "2023.04.07"]
[EventType "swiss"]
[EventRounds "7"]
[EventCountry "ENG"]
[SourceTitle "CBM 213 Extra"]
[Source "ChessBase"]
[SourceDate "2023.05.31"]
[SourceVersion "1"]
[SourceVersionDate "2023.05.31"]
[SourceQuality "1"]

1. d4 Nf6 2. Nf3 e6 3. g3 b6 4. Bg2 Bb7 5. 0-0 Be7 6. c4 0-0 7. Nc3 Ne4 8. Qc2 Nxc3 9. Qxc3 d6 10. Qd3 f5 11. Qe3 Qd7 12. b4 Bf6 13. Bb2 c5 14. Qb3 cxb4 15. Qxb4 Nc6 16. Qb3 Na5 17. Qb4 Rac8 18. Rac1 Rfd8 19. Ba3 Bxf3 20. Bxf3 Bxd4 21. Qb5 Nxc4 22. Qxd7 Rxd7 23. Rfd1 Be5 24. e3 Rdc7 25. Bb4 a5 26. Be1 Nb2 0-1

[Event "Daventry 4NCL Easter op-A 3rd"]
[Site "Daventry"]
[Date "2023.04.08"]
[Round "2"]
[White "Zakarian, Dimitrios Levon"]
[Black "Turner, Max N"]
[Result "0-1"]
[WhiteElo "1977"]
[BlackElo "2264"]
[PlyCount "68"]
[EventDate "2023.04.07"]
[EventType "swiss"]
[EventRounds "7"]
[EventCountry "ENG"]
[SourceTitle "CBM 213 Extra"]
[Source "ChessBase"]
[SourceDate "2023.05.31"]
[SourceVersion "1"]
[SourceVersionDate "2023.05.31"]
[SourceQuality "1"]

1. d4 Nf6 2. Nf3 e6 3. c4 b6 4. g3 Bb4+ 5. Bd2 a5 6. Bg2 Bb7 7. 0-0 0-0 8. a3 Bxd2 9. Qxd2 d6 10. Nc3 Ne4 11. Nxe4 Bxe4 12. Nh4 Bxg2 13. Nxg2 a4 14. Rad1 Qe7 15. e4 Nc6 16. Ne3 Na5 17. d5 Nb3 18. Qc2 Nc5 19. Rfe1 e5 20. Nf5 Qf6 21. Qe2 Rae8 22. h4 g6 23. Nh6+ Kh8 24. Ng4 Qg7 25. f3 f5 26. Nf2 Nb3 27. Rf1 Nd4 28. Qd3 g5 29. h5 g4 30. fxg4 fxg4 31. Kg2 Rf3 32. Qd2 Ref8 33. Nd3 Qf7 34. Rf2 Rxd3 0-1

[Event "Coventry op"]
[Site "Coventry"]
[Date "2023.02.19"]
[Round "5"]
[White "Zakarian, Dimitrios Levon"]
[Black "Sedykh, Mikhail"]
[Result "1/2-1/2"]
[WhiteElo "1978"]
[BlackElo "2045"]
[PlyCount "38"]
[EventDate "2023.02.18"]
[EventType "swiss"]
[EventRounds "5"]
[EventCountry "ENG"]
[SourceTitle "CBM 212 Extra"]
[Source "ChessBase"]
[SourceDate "2023.03.31"]
[SourceVersion "1"]
[SourceVersionDate "2023.03.31"]
[SourceQuality "1"]

1. d4 d5 2. Nf3 Nf6 3. c4 e6 4. Nc3 Be7 5. Bg5 h6 6. Bxf6 Bxf6 7. e3 0-0 8. Qd2 dxc4 9. Bxc4 Nd7 10. Rd1 c5 11. Ne4 cxd4 12. Nxf6+ Nxf6 13. Qxd4 Qa5+ 14. Qd2 Qxd2+ 15. Rxd2 Bd7 16. Ne5 Rfd8 17. Nxd7 Nxd7 18. Ke2 Ne5 19. Rxd8+ Rxd8 1/2-1/2

[Event "Witney op-A 9th"]
[Site "Witney"]
[Date "2022.11.05"]
[Round "2"]
[White "Zakarian, Dimitrios Levon"]
[Black "Ogunshola, Ben"]
[Result "1/2-1/2"]
[WhiteElo "1911"]
[BlackElo "2166"]
[PlyCount "81"]
[EventDate "2022.11.05"]
[EventType "swiss"]
[EventRounds "5"]
[EventCountry "ENG"]
[SourceTitle "CBM 211 Extra"]
[Source "ChessBase"]
[SourceDate "2023.01.31"]
[SourceVersion "1"]
[SourceVersionDate "2023.01.31"]
[SourceQuality "1"]

1. d4 Nf6 2. Nf3 g6 3. c4 Bg7 4. g3 0-0 5. Bg2 d6 6. 0-0 Nc6 7. Nc3 a6 8. Qd3 Nd7 9. e4 e5 10. Bg5 f6 11. Be3 exd4 12. Nxd4 Nde5 13. Nxc6 bxc6 14. Qe2 Bg4 15. f3 Be6 16. b3 f5 17. Rac1 Qe8 18. f4 Ng4 19. Bf2 Nxf2 20. Qxf2 Rd8 21. exf5 Bxf5 22. Rfe1 Qd7 23. Qf3 Bd4+ 24. Kh1 Qg7 25. Ne2 Bb2 26. Rcd1 Bd7 27. Qd3 c5 28. Ng1 Bc3 29. Re2 Kh8 30. Rc1 Bd4 31. Nf3 Bf5 32. Qd2 Bf6 33. Re3 Bc8 34. Rce1 h6 35. Nh4 g5 36. fxg5 hxg5 37. Nf3 Bb7 38. Qc2 Bxf3 39. Bxf3 Be5 40. Bd5 Rf6 41. Qe2 1/2-1/2

[Event "ENG-ch Schools Final"]
[Site "Staffordshire"]
[Date "2022.06.30"]
[Round "2.2"]
[White "Dias, Savin"]
[Black "Zakarian, Dimitrios Levon"]
[Result "1-0"]
[WhiteElo "1894"]
[BlackElo "1818"]
[PlyCount "99"]
[EventDate "2022.06.30"]
[EventType "swiss"]
[EventRounds "5"]
[EventCountry "ENG"]
[SourceTitle "EXT 2023"]
[Source "ChessBase"]
[SourceDate "2022.10.05"]
[SourceVersion "1"]
[SourceVersionDate "2022.10.05"]
[SourceQuality "1"]

1. e4 c5 2. Nf3 e6 3. b3 b6 4. Bb2 Bb7 5. d3 d6 6. g3 Nf6 7. Bg2 Be7 8. 0-0 0-0 9. h3 Nbd7 10. Nh2 Qc7 11. f4 d5 12. e5 Ne8 13. Qe2 d4 14. Nd2 Bxg2 15. Qxg2 Rc8 16. Rae1 Qc6 17. Nhf3 Nc7 18. Ne4 Nd5 19. Bc1 Rce8 20. g4 f5 21. exf6 Bxf6 22. g5 Bd8 23. Qg4 Bc7 24. Nh4 Ne7 25. g6 h6 26. Ng3 e5 27. f5 Nf6 28. Qe2 Ned5 29. Ne4 Nf4 30. Bxf4 Nxe4 31. dxe4 exf4 32. Nf3 Re7 33. Qc4+ Kh8 34. Ng5 b5 35. Qe2 Qf6 36. h4 a6 37. Qg4 Rfe8 38. Rxf4 Bxf4 39. Qxf4 Rf8 40. Qg4 Re5 41. Nh7 Qd8 42. Nxf8 Qxf8 43. Qf4 Qf6 44. a4 b4 45. Kg2 Kg8 46. Kh3 Kf8 47. Qf1 Ke7 48. Kg4 Kd7 49. Qc4 Kc7 50. Qf7+ 1-0

[Event "ENG-ch U14 Blitz"]
[Site "Milton Keynes"]
[Date "2021.11.13"]
[Round "4"]
[White "Madhavan, Sanjith1111"]
[Black "Zakarian, Dimitrios Levon"]
[Result "1-0"]
[WhiteElo "1686"]
[BlackElo "1702"]
[PlyCount "133"]
[EventDate "2021.11.13"]
[EventType "swiss (blitz)"]
[EventRounds "9"]
[EventCountry "ENG"]
[SourceTitle "EXT 2023"]
[Source "ChessBase"]
[SourceDate "2022.10.05"]
[SourceVersion "1"]
[SourceVersionDate "2022.10.05"]
[SourceQuality "1"]

1. e4 c5 2. Nf3 e6 3. d4 cxd4 4. Nxd4 a6 5. c4 Nf6 6. Nc3 Qc7 7. a3 Be7 8. Be2 d6 9. 0-0 Nbd7 10. Be3 b6 11. Qd2 Bb7 12. f3 0-0 13. Rfd1 Rfe8 14. Rac1 Rac8 15. b4 Qb8 16. Bf1 Qa8 17. Rc2 Bf8 18. Rdc1 a5 19. Bf2 Ne5 20. Ncb5 axb4 21. axb4 d5 22. cxd5 Rxc2 23. Rxc2 exd5 24. Nc7 Qb8 25. Nxe8 Qxe8 26. exd5 Nxd5 27. b5 Nd7 28. Nc6 N7f6 29. Qe2 Qd7 30. Ne5 Qf5 31. Nc6 h6 32. Qd3 Qd7 33. Rd2 Bxc6 34. bxc6 Qxc6 35. Rc2 Qe6 36. Re2 Qc6 37. Rc2 Qe6 38. Qe2 Qf5 39. Qd3 Qe6 40. Rb2 Nd7 41. Qb3 Nc5 42. Qa2 Qe5 43. Re2 Qf5 44. Qc2 Qg5 45. Qd2 Qf5 46. Bg3 Ne6 47. Re5 Bc5+ 48. Kh1 Qb1 49. Qe1 Qb3 50. Bf2 Bxf2 51. Qxf2 Ndf4 52. Re3 Qb1 53. g3 Nd5 54. Re2 b5 55. Rb2 Qc1 56. Rxb5 Ne3 57. Rb8+ Kh7 58. Qe2 Qxf1+ 59. Qxf1 Nxf1 60. Kg2 Nd2 61. Rb2 Nc4 62. Re2 Kg6 63. h4 Nd6 64. f4 Kh7 65. Kf2 Nd4 66. Rd2 N4b5 67. Rd5 1-0

[Event "ENG-ch U14 Blitz"]
[Site "Milton Keynes"]
[Date "2021.11.13"]
[Round "5"]
[White "Zakarian, Dimitrios Levon"]
[Black "Whelan, Joseph"]
[Result "1-0"]
[WhiteElo "1702"]
[BlackElo "1415"]
[PlyCount "93"]
[EventDate "2021.11.13"]
[EventType "swiss (blitz)"]
[EventRounds "9"]
[EventCountry "ENG"]
[SourceTitle "EXT 2023"]
[Source "ChessBase"]
[SourceDate "2022.10.05"]
[SourceVersion "1"]
[SourceVersionDate "2022.10.05"]
[SourceQuality "1"]

1. d4 d5 2. Nf3 Nc6 3. c4 e6 4. Nc3 Nf6 5. Bg5 Bb4 6. e3 Ne4 7. Bxd8 Nxc3 8. bxc3 Bxc3+ 9. Ke2 Bxa1 10. Qxa1 Nxd8 11. cxd5 exd5 12. g3 Bg4 13. Bg2 Ne6 14. h3 Bf5 15. Rc1 c6 16. Kf1 0-0 17. Kg1 Rfc8 18. Nh4 Bg6 19. Nxg6 hxg6 20. Qb2 b5 21. e4 dxe4 22. Bxe4 Rab8 23. Bxc6 Rb6 24. Bd7 Rd8 25. Bxe6 fxe6 26. Rc7 a6 27. d5 e5 28. Qxe5 Rf6 29. Rxg7+ Kxg7 30. Qe7+ Rf7 31. Qxd8 b4 32. d6 a5 33. Qxa5 Rd7 34. Qxb4 Kf6 35. g4 Ke6 36. h4 Rxd6 37. Qxd6+ Kxd6 38. h5 gxh5 39. gxh5 Ke5 40. a4 Kf6 41. a5 Kg5 42. a6 Kxh5 43. a7 Kg4 44. a8Q Kh3 45. Qg8 Kh4 46. f4 Kh5 47. Qg5# 1-0

[Event "ENG-ch U14"]
[Site "Milton Keynes"]
[Date "2021.10.02"]
[Round "1"]
[White "Zakarian, Dimitrios Levon"]
[Black "Royle, Alex"]
[Result "1-0"]
[WhiteElo "1749"]
[BlackElo "1480"]
[PlyCount "83"]
[EventDate "2021.10.02"]
[EventType "swiss"]
[EventRounds "5"]
[EventCountry "ENG"]
[SourceTitle "EXT 2023"]
[Source "ChessBase"]
[SourceDate "2022.10.05"]
[SourceVersion "1"]
[SourceVersionDate "2022.10.05"]
[SourceQuality "1"]

1. d4 Nf6 2. Nf3 e6 3. c4 b6 4. a3 Ba6 5. Qc2 Bb7 6. Nc3 c5 7. Bg5 cxd4 8. Nxd4 Nc6 9. Nxc6 Bxc6 10. e4 Be7 11. Be2 0-0 12. 0-0 h6 13. Bh4 Rc8 14. Rad1 Ne8 15. Bxe7 Qxe7 16. f4 f5 17. e5 a5 18. Na4 Qd8 19. Qb3 Rb8 20. Bf3 Qc7 21. Nc3 Rf7 22. Nb5 Bxb5 23. Qxb5 Qc5+ 24. Kh1 Qxb5 25. cxb5 Rc8 26. Rc1 Rb8 27. Rfd1 Kf8 28. Rd2 g5 29. g3 Ng7 30. Rcd1 Ke8 31. Rd6 Re7 32. Kg1 Rf7 33. Kf2 Re7 34. Ke3 Rf7 35. Rc1 Kd8 36. Rcc6 g4 37. Bg2 h5 38. Rxb6 Rxb6 39. Rxb6 Ne8 40. Rb8+ Ke7 41. b6 d6 42. Rb7+ 1-0